00343nam a2200133Ia 4500003000400000008004100004020002700045040000800072100002400080245004900104260003000153300001400183365001200197LDD181029s9999 xx 000 0 und d a9780415254595cP 10.99 cLDD aBeaudion, Steven M. 0aPoverty in world historycSteven M. Beaudion aNew YorkbRoutledgec2006 avi, 124p. bP 10.99